000 00958nam a22002897a 4500
001 0011410
003 DO-SdBNP
005 20180202112115.0
007 0011410
008 160919b 1990 cu||||| |||| 00| 0 spa d
040 _aBPMSU
_bspa
_cBPMSU
092 _axxxxxxxx
_bxxxxxxxx
100 1 _aTravieso, Julio,
_d1940-
245 1 _aPara matar al lobo /
_cJulio Travieso ; prólogo Imeldo Álvarez García ; edición José Rodríguez ; corrección María Elena Delgado, Tamara Torres
250 _a5a ed.
260 _aLa Habana, Cuba :
_bEdiciones Unión ,
_c1990.
300 _a198 p. :
_c21 cm.
490 1 _aContemporáneos
700 1 _aRodríguez, José,
_eedición
700 1 _aÁlvarez García, Imeldo,
_eprólogo
700 1 _aDelgado, María Elena,
_ecorrección
700 1 _aTorres, Tamara,
_ecorrección
830 0 _aContemporáneas
942 _2ddc
_cBK
945 _aInventariado, 2018/ YL
956 _aBTAVÁREZ
_b10
_c20161909
_d0011410
999 _c11448
_d11448